000 01371cam a2200289 4500
002 ##4969
008 090401t1999 xxu||||| |||| 00| 0 eng d
020 _a0854069488
035 _a(Sirsi) u99872
041 0 _aeng
050 0 4 _a658.404 $2 18
110 2 _aRoyal Institution of Chartered Surveyors
_94900
245 0 0 _aProject management agreement and conditions of engagement
_b guidance note
250 _a3rd ed.
260 _aLondon
_bRICS
_c1999
300 _a15p.
_c30cm.
350 _a8.50
490 0 _aRICS Guidance Note
520 _aProvides an explaination of the clauses contained within the agreement. Includes examples of the services that can be included in the schedule, together with advice on using the other appendices.
520 _aFor use in conjunction with "Project management memorandum of agreement and conditions of engagement" (ISBN 085406947X)
520 _aSupersedes second edition "Project management agreement and conditions of engagement : guidance note for use in conjunction with the memorandum of agreement between client and project manager and conditions of engagement dated May 1992" (ISBN 0854065318).
650 2 4 _aRICS PROJECT MANAGEMENT MEMORANDUM OF AGREEMENT AND CONDITIONS OF ENGAGEMENT
651 4 _aEngland and Wales
_y1543-
690 _aProject management
_96261
942 _n0
948 _c27/04/1999
999 _c99505
_d99505